[Event "AUTO-OPEN-449"]
[Site "http://www.queenalice.com/game.php?id=129443"]
[Date "2006.11.14"]
[Round "1"]
[White "UrsaoDaCoca"]
[Black "Pato"]
[Result "0-1"]
[WhiteElo "1100"]
[BlackElo "2116"]

1. e4 Nc6 2. Bc4 e6 3. Nc3 Nf6 4. d3 d5 5. exd5 exd5 6. Nxd5 Nxd5 7. Qe2+ Be7 8.
Bxd5 Qxd5 9. Nh3 Bxh3 10. Qf3 Bxg2 11. Qxd5 Bxd5 12. Rg1 O-O 13. b4 Bxb4+ 14.
Kf1 Rfe8 15. Be3 Re6 16. a3 Bd6 17. c4 Bf3 18. Rg3 Bxg3 19. hxg3 Rae8 20. Re1
Nd4 21. Kg1 Nf5 22. Kh2 Nxe3 23. fxe3 Rxe3 24. Rxe3 Rxe3 25. g4 Bxg4 26. d4 Rxa3
27. d5 a5 0-1

[Event "AUTO-OPEN-449"]
[Site "http://www.queenalice.com/game.php?id=129460"]
[Date "2006.11.14"]
[Round "1"]
[White "CampbellMarcel"]
[Black "UrsaoDaCoca"]
[Result "1-0"]
[WhiteElo "1742"]
[BlackElo "1026"]

1. e4 e5 2. Nf3 Nc6 3. Bc4 Bc5 4. O-O Nf6 5. Ng5 O-O 6. d3 Nxe4 7. Nxe4 d6 8.
Ng5 d5 9. Nxh7 Kxh7 10. Qh5+ Kg8 11. Bb3 e4 12. dxe4 dxe4 13. Be3 Qe7 14. Bxc5
g6 15. Bxe7 gxh5 16. Bxf8 Kxf8 17. Nc3 1-0

[Event "AUTO-OPEN-449"]
[Site "http://www.queenalice.com/game.php?id=129461"]
[Date "2006.11.14"]
[Round "1"]
[White "UrsaoDaCoca"]
[Black "CampbellMarcel"]
[Result "0-1"]
[WhiteElo "1039"]
[BlackElo "1718"]

1. e4 e6 2. Nf3 Bc5 3. Ne5 Nc6 4. Qg4 Qf6 5. Nd3 Nh6 6. Qg3 O-O 7. Nxc5 b6 8.
Qxc7 Nd4 9. Nxd7 Bxd7 10. Qxd7 Nxc2+ 11. Kd1 Nxa1 12. f3 Rfd8 13. Qa4 Rd4 14.
Qc6 Rad8 15. Qb5 e5 16. d3 Qd6 0-1

[Event "AUTO-OPEN-450"]
[Site "http://www.queenalice.com/game.php?id=129760"]
[Date "2006.11.15"]
[Round "1"]
[White "UrsaoDaCoca"]
[Black "CampbellMarcel"]
[Result "0-1"]
[WhiteElo "1039"]
[BlackElo "1720"]

1. e4 e5 2. Qf3 Nf6 3. Bc4 Be7 4. Qg3 O-O 5. Nf3 Nxe4 6. Qxe5 Nf6 7. b3 d6 8.
Qd4 c5 9. Qh4 Nc6 10. Bb2 Nd5 11. Qh3 Bxh3 12. gxh3 Ndb4 13. Kd1 d5 14. Bd3 Nxd3
15. cxd3 d4 16. Re1 Re8 17. a3 Qd5 0-1

[Event "AUTO-OPEN-450"]
[Site "http://www.queenalice.com/game.php?id=129761"]
[Date "2006.11.15"]
[Round "1"]
[White "CampbellMarcel"]
[Black "UrsaoDaCoca"]
[Result "1-0"]
[WhiteElo "1646"]
[BlackElo "1100"]

1. e4 e5 2. Bc4 Qg5 3. g3 Bc5 4. Nf3 Qg4 5. Bxf7+ Kxf7 6. Nxe5+ Ke8 7. Nxg4 Nf6
8. Nxf6+ gxf6 9. Qh5+ Kd8 10. Qf7 d5 11. Qxf6+ 1-0

[Event "AUTO-OPEN-450"]
[Site "http://www.queenalice.com/game.php?id=129762"]
[Date "2006.11.15"]
[Round "1"]
[White "UrsaoDaCoca"]
[Black "ERNESTOFONSECA10"]
[Result "0-1"]
[WhiteElo "1011"]
[BlackElo "1311"]

1. e4 d5 2. Nc3 dxe4 3. Nxe4 Nf6 4. Qe2 Nbd7 5. Qc4 Nxe4 6. Qxe4 Nf6 7. Qe5 e6
8. Qb5+ c6 9. Qc4 Be7 10. Nf3 O-O 0-1

[Event "AUTO-OPEN-450"]
[Site "http://www.queenalice.com/game.php?id=129764"]
[Date "2006.11.15"]
[Round "1"]
[White "UrsaoDaCoca"]
[Black "RichardN"]
[Result "0-1"]
[WhiteElo "1028"]
[BlackElo "1405"]

1. e4 e5 2. Nc3 Bb4 3. Nf3 Bxc3 4. dxc3 Nc6 5. Bc4 d6 6. Ng5 Nf6 7. Nxf7 Qe7 8.
Nxh8 Bg4 9. f3 O-O-O 10. Nf7 Rf8 11. Ng5 Bh5 12. b4 h6 13. Nh3 g5 14. b5 Na5 15.
Qd4 exd4 0-1

[Event "AUTO-OPEN-450"]
[Site "http://www.queenalice.com/game.php?id=129765"]
[Date "2006.11.15"]
[Round "1"]
[White "RichardN"]
[Black "UrsaoDaCoca"]
[Result "1-0"]
[WhiteElo "1426"]
[BlackElo "1011"]

1. e4 Nf6 2. Nc3 e5 3. Nf3 Nc6 4. Bb5 Qe7 5. d3 d6 6. Bg5 Be6 7. O-O O-O-O 8. b3
h6 9. Bxf6 gxf6 10. Nd5 Bxd5 11. exd5 Nb4 12. a4 a6 13. Bc4 f5 14. Qd2 a5 15. c3
Na6 16. b4 axb4 17. cxb4 1-0

[Event "AUTO-OPEN-453"]
[Site "http://www.queenalice.com/game.php?id=130708"]
[Date "2006.11.17"]
[Round "1"]
[White "Alcar"]
[Black "UrsaoDaCoca"]
[Result "1-0"]
[WhiteElo "1627"]
[BlackElo "1018"]

1. d4 b6 2. Nc3 Ba6 3. Nf3 e6 4. e4 Bd6 5. Bxa6 Nxa6 6. O-O Qf6 7. e5 Qe7 8. a3
Nh6 9. exd6 Qxd6 10. Be3 O-O 11. Nb5 Qc6 12. Qe2 f5 13. c4 1-0

[Event "AUTO-OPEN-453"]
[Site "http://www.queenalice.com/game.php?id=130709"]
[Date "2006.11.17"]
[Round "1"]
[White "UrsaoDaCoca"]
[Black "Alcar"]
[Result "0-1"]
[WhiteElo "1018"]
[BlackElo "1625"]

1. e4 c5 2. Qf3 d6 3. Bc4 Nf6 4. Nh3 h6 5. O-O e5 6. Nc3 Bg4 7. Qe3 Nc6 8. d3
Nd4 9. Qd2 Bxh3 10. gxh3 Nf3+ 11. Kg2 Nh4+ 12. Kh1 a6 13. Nd5 Nxd5 0-1

[Event "AUTO-OPEN-453"]
[Site "http://www.queenalice.com/game.php?id=130736"]
[Date "2006.11.17"]
[Round "1"]
[White "UrsaoDaCoca"]
[Black "Herivelto"]
[Result "0-1"]
[WhiteElo "1005"]
[BlackElo "1762"]

1. e4 Nc6 2. Bc4 e5 3. Nf3 Nf6 4. d3 Be7 5. Ng5 O-O 6. c3 b6 7. a3 Bb7 8. Qb3 d5
9. exd5 Na5 10. Qb5 Nxd5 11. O-O Bxg5 12. Bxg5 Qxg5 0-1

[Event "AUTO-OPEN-453"]
[Site "http://www.queenalice.com/game.php?id=130737"]
[Date "2006.11.17"]
[Round "1"]
[White "Herivelto"]
[Black "UrsaoDaCoca"]
[Result "1-0"]
[WhiteElo "1725"]
[BlackElo "1011"]

1. g3 d5 2. Bg2 Bg4 3. c4 dxc4 4. Qa4+ Nc6 5. Qxc4 Qd7 6. Nf3 Na5 7. Qc2 O-O-O
8. Qe4 Nf6 9. Qe3 Nc4 10. Qxa7 Qd5 11. Nc3 1-0

[Event "AUTO-OPEN-453"]
[Site "http://www.queenalice.com/game.php?id=130738"]
[Date "2006.11.17"]
[Round "1"]
[White "UrsaoDaCoca"]
[Black "Luke1416"]
[Result "0-1"]
[WhiteElo "1011"]
[BlackElo "1682"]

1. e4 e5 2. Nf3 d6 3. Bc4 Nf6 4. Ng5 Be6 5. Bxe6 fxe6 6. Nxe6 Qe7 7. Ng5 h6 8.
Nf3 Qd7 9. Nc3 Be7 10. d3 O-O 11. Be3 a5 12. O-O b5 0-1

[Event "AUTO-OPEN-453"]
[Site "http://www.queenalice.com/game.php?id=130739"]
[Date "2006.11.17"]
[Round "1"]
[White "Luke1416"]
[Black "UrsaoDaCoca"]
[Result "1-0"]
[WhiteElo "1680"]
[BlackElo "1011"]

1. d4 d5 2. c4 dxc4 3. Nc3 Nc6 4. e3 Bf5 5. Bxc4 Nb4 6. e4 Bg6 7. Qf3 Qxd4 8.
Bd3 Nxd3+ 9. Kf1 Bh5 10. Qe3 Qc4 11. f3 Nf6 12. g4 1-0

[Event "AUTO-BEG-41"]
[Site "http://www.queenalice.com/game.php?id=131051"]
[Date "2006.11.18"]
[Round "1"]
[White "UrsaoDaCoca"]
[Black "aircrash"]
[Result "0-1"]
[WhiteElo "1039"]
[BlackElo "1313"]

1. d4 e6 2. Bf4 Nc6 3. Qd2 Bb4 4. c3 Bf8 5. Na3 a5 6. Nb5 d6 7. e4 e5 8. dxe5
Nxe5 9. Nf3 c6 10. Nbd4 d5 11. Bxe5 Nf6 0-1

[Event "AUTO-BEG-41"]
[Site "http://www.queenalice.com/game.php?id=131062"]
[Date "2006.11.18"]
[Round "1"]
[White "prof_zeco"]
[Black "UrsaoDaCoca"]
[Result "1-0"]
[WhiteElo "1426"]
[BlackElo "1044"]

1. d4 b6 2. e4 Ba6 3. Bd3 e6 4. Nf3 Qe7 5. O-O Nf6 6. Re1 Ng4 7. Qe2 Bxd3 8.
Qxd3 Qd6 9. e5 Qc6 10. a3 Na6 11. Qxa6 Qxc2 12. Nbd2 Be7 13. Qc4 Qg6 14. d5 exd5
15. Qxd5 c6 16. Qe4 1-0

[Event "AUTO-BEG-41"]
[Site "http://www.queenalice.com/game.php?id=131063"]
[Date "2006.11.18"]
[Round "1"]
[White "UrsaoDaCoca"]
[Black "prof_zeco"]
[Result "0-1"]
[WhiteElo "1041"]
[BlackElo "1428"]

1. d4 d5 2. Bf4 Bf5 3. e3 Nf6 4. Qd2 Nc6 5. Nc3 e6 6. Nb5 Bd6 7. Nf3 Bxf4 8.
exf4 O-O 9. Ne5 Nxe5 10. dxe5 Ne4 11. Qa5 b6 12. Qa6 Nc5 13. Qa3 d4 14. Nxa7 Qd5
15. c4 Qe4+ 16. Be2 d3 0-1